[Event "2022 Welsh Championship"]
[Site "Cardiff"]
[Date "2022.04.15"]
[Round "1"]
[Board "1"]
[White "Lavender, James"]
[Black "Camacho Collados, Jose"]
[Result "0-1"]
[WhiteElo "2039"]
[BlackElo "2414"]
[PlyCount "0"]
[EventDate "2022.04.15"]
[EventRounds "7"]
[EventCountry "WLS"]

1. e4 {[%clk 01:30:55]} {[%emt 00:00:04]} c5 {[%clk 01:30:57]} {[%emt
00:00:03]} 2. Nc3 {[%clk 01:31:19]} {[%emt 00:00:05]} a6 {[%clk 01:31:19]}
{[%emt 00:00:09]} 3. g3 {[%clk 01:31:08]} {[%emt 00:00:41]} b5 {[%clk
01:31:18]} {[%emt 00:00:31]} 4. Bg2 {[%clk 01:30:03]} {[%emt 00:01:34]} Bb7
{[%clk 01:31:41]} {[%emt 00:00:07]} 5. Nge2 {[%clk 01:28:41]} {[%emt 00:01:52]}
e6 {[%clk 01:23:21]} {[%emt 00:08:51]} 6. d4 {[%clk 01:26:06]} {[%emt
00:03:05]} cxd4 {[%clk 01:18:12]} {[%emt 00:05:39]} 7. Nxd4 {[%clk 01:26:27]}
{[%emt 00:00:09]} Nc6 {[%clk 01:18:27]} {[%emt 00:00:15]} 8. O-O {[%clk
01:19:30]} {[%emt 00:07:26]} h5 {[%clk 01:17:52]} {[%emt 00:01:06]} 9. Re1
{[%clk 01:15:22]} {[%emt 00:04:37]} Bb4 {[%clk 01:03:50]} {[%emt 00:14:32]} 10.
a4 {[%clk 01:09:05]} {[%emt 00:06:48]} Qa5 {[%clk 00:47:25]} {[%emt 00:16:55]}
11. Nb3 {[%clk 01:07:12]} {[%emt 00:02:23]} Qc7 {[%clk 00:45:13]} {[%emt
00:02:41]} 12. axb5 {[%clk 01:06:18]} {[%emt 00:01:24]} Ne5 {[%clk 00:42:13]}
{[%emt 00:03:31]} 13. bxa6 {[%clk 01:01:15]} {[%emt 00:05:34]} Rxa6 {[%clk
00:39:56]} {[%emt 00:02:46]} 14. Rxa6 {[%clk 01:01:04]} {[%emt 00:00:40]} Bxa6
{[%clk 00:40:24]} {[%emt 00:00:02]} 15. Qd4 {[%clk 00:58:17]} {[%emt 00:03:17]}
Be7 {[%clk 00:34:13]} {[%emt 00:06:42]} 16. Bf4 {[%clk 00:54:00]} {[%emt
00:04:45]} f6 {[%clk 00:26:00]} {[%emt 00:08:43]} 17. Ra1 {[%clk 00:49:14]}
{[%emt 00:05:16]} Bc8 {[%clk 00:25:23]} {[%emt 00:01:08]} 18. Ra7 {[%clk
00:40:47]} {[%emt 00:08:57]} Qb8 {[%clk 00:25:18]} {[%emt 00:00:36]} 19. Bxe5
{[%clk 00:40:31]} {[%emt 00:00:45]} fxe5 {[%clk 00:25:11]} {[%emt 00:00:37]} 20.
Qa4 {[%clk 00:40:53]} {[%emt 00:00:07]} Nf6 {[%clk 00:21:12]} {[%emt 00:04:29]}
21. Ra8 {[%clk 00:32:44]} {[%emt 00:08:40]} Qc7 {[%clk 00:21:05]} {[%emt
00:00:36]} 22. Nc1 {[%clk 00:27:14]} {[%emt 00:05:59]} O-O {[%clk 00:15:51]}
{[%emt 00:05:44]} 23. h3 {[%clk 00:24:58]} {[%emt 00:02:46]} Bc5 {[%clk
00:13:18]} {[%emt 00:03:04]} 24. Nd3 {[%clk 00:24:23]} {[%emt 00:01:05]} Bb6
{[%clk 00:13:43]} {[%emt 00:00:06]} 25. Qb4 {[%clk 00:14:24]} {[%emt 00:10:28]}
Qc6 {[%clk 00:13:26]} {[%emt 00:00:48]} 26. Ra1 {[%clk 00:13:15]} {[%emt
00:01:38]} Bd4 {[%clk 00:11:19]} {[%emt 00:02:38]} 27. Qa4 {[%clk 00:07:32]}
{[%emt 00:06:13]} Bb7 {[%clk 00:06:05]} {[%emt 00:05:45]} 28. Qxc6 {[%clk
00:04:34]} {[%emt 00:03:27]} Bxc6 {[%clk 00:06:33]} {[%emt 00:00:02]} 29. Re1
{[%clk 00:03:57]} {[%emt 00:01:06]} d6 {[%clk 00:06:41]} {[%emt 00:00:23]} 30.
Nd1 {[%clk 00:04:14]} {[%emt 00:00:12]} Ra8 {[%clk 00:06:20]} {[%emt 00:00:51]}
31. c3 {[%clk 00:04:21]} {[%emt 00:00:23]} Bb6 {[%clk 00:06:37]} {[%emt
00:00:14]} 32. c4 {[%clk 00:03:52]} {[%emt 00:00:58]} Bd4 {[%clk 00:05:56]}
{[%emt 00:01:11]} 33. Kf1 {[%clk 00:03:33]} {[%emt 00:00:48]} Ra4 {[%clk
00:05:05]} {[%emt 00:01:22]} 34. b4 {[%clk 00:03:19]} {[%emt 00:00:43]} Ra2
{[%clk 00:02:51]} {[%emt 00:02:42]} 35. f3 {[%clk 00:01:53]} {[%emt 00:01:58]}
Ba4 {[%clk 00:01:30]} {[%emt 00:01:51]} 36. f4 {[%clk 00:01:06]} {[%emt
00:01:17]} Rd2 {[%clk 00:01:08]} {[%emt 00:00:51]} 37. N3f2 {[%clk 00:00:52]}
{[%emt 00:00:44]} Bb3 {[%clk 00:01:00]} {[%emt 00:00:38]} 38. Ne3 {[%clk
00:01:01]} {[%emt 00:00:22]} Bxc4+ {[%clk 00:01:01]} {[%emt 00:00:30]} 39. Kg1
{[%clk 00:01:04]} {[%emt 00:00:26]} h4 {[%clk 00:00:43]} {[%emt 00:00:49]} 40.
Bf1 {[%clk 00:00:40]} {[%emt 00:00:53]} hxg3 {[%clk 00:00:49]} {[%emt
00:00:25]}  0-1

[Event "2022 Welsh Championship"]
[Site "Cardiff"]
[Date "2022.04.15"]
[Round "1"]
[Board "3"]
[White "Bennett, Patrick"]
[Black "Toczek, Grzegorz"]
[Result "0-1"]
[WhiteElo "1961"]
[BlackElo "2290"]
[PlyCount "0"]
[EventDate "2022.04.15"]
[EventRounds "7"]
[EventCountry "WLS"]

1. Nf3 {[%clk 01:30:55]} {[%emt 00:00:04]} g6 {[%clk 01:29:00]} {[%emt
00:02:01]} 2. g3 {[%clk 01:29:30]} {[%emt 00:01:55]} Bg7 {[%clk 01:29:16]}
{[%emt 00:00:14]} 3. Bg2 {[%clk 01:29:54]} {[%emt 00:00:06]} e5 {[%clk
01:28:55]} {[%emt 00:00:51]} 4. d3 {[%clk 01:28:20]} {[%emt 00:02:04]} Ne7
{[%clk 01:27:21]} {[%emt 00:02:03]} 5. c4 {[%clk 01:28:03]} {[%emt 00:00:47]}
O-O {[%clk 01:26:23]} {[%emt 00:01:28]} 6. O-O {[%clk 01:28:27]} {[%emt
00:00:06]} c6 {[%clk 01:25:42]} {[%emt 00:01:12]} 7. Nbd2 {[%clk 01:23:49]}
{[%emt 00:05:07]} d5 {[%clk 01:17:45]} {[%emt 00:08:27]} 8. Rb1 {[%clk
01:23:59]} {[%emt 00:00:21]} Bf5 {[%clk 01:14:46]} {[%emt 00:03:28]} 9. b4
{[%clk 01:08:40]} {[%emt 00:15:50]} e4 {[%clk 01:09:53]} {[%emt 00:05:22]} 10.
Nh4 {[%clk 01:08:13]} {[%emt 00:00:57]} exd3 {[%clk 01:10:19]} {[%emt
00:00:05]} 11. Nxf5 {[%clk 01:08:32]} {[%emt 00:00:11]} dxe2 {[%clk 01:07:41]}
{[%emt 00:03:08]} 12. Qxe2 {[%clk 01:08:54]} {[%emt 00:00:07]} Nxf5 {[%clk
01:07:25]} {[%emt 00:00:46]} 13. cxd5 {[%clk 01:07:19]} {[%emt 00:02:06]} cxd5
{[%clk 01:07:44]} {[%emt 00:00:12]} 14. Qd3 {[%clk 01:07:00]} {[%emt 00:00:48]}
Ne7 {[%clk 01:02:53]} {[%emt 00:05:21]} 15. Nf3 {[%clk 01:05:14]} {[%emt
00:02:16]} Nd7 {[%clk 01:01:37]} {[%emt 00:01:46]} 16. Rd1 {[%clk 01:01:12]}
{[%emt 00:04:31]} Nb6 {[%clk 00:54:32]} {[%emt 00:07:36]} 17. Nd4 {[%clk
00:57:09]} {[%emt 00:04:32]} Rc8 {[%clk 00:46:55]} {[%emt 00:08:07]} 18. Bf4
{[%clk 00:51:53]} {[%emt 00:05:46]} Rc4 {[%clk 00:37:32]} {[%emt 00:09:53]} 19.
Ne2 {[%clk 00:51:37]} {[%emt 00:00:46]} Qd7 {[%clk 00:36:35]} {[%emt 00:01:27]}
20. Be3 {[%clk 00:48:25]} {[%emt 00:03:43]} Rd8 {[%clk 00:15:47]} {[%emt
00:21:19]} 21. Qb3 {[%clk 00:28:16]} {[%emt 00:20:39]} d4 {[%clk 00:13:22]}
{[%emt 00:02:55]} 22. Rd3 {[%clk 00:16:45]} {[%emt 00:12:00]} Nc6 {[%clk
00:11:51]} {[%emt 00:02:01]} 23. Bxc6 {[%clk 00:13:05]} {[%emt 00:04:10]} Qxc6
{[%clk 00:11:25]} {[%emt 00:00:56]} 24. Rbd1 {[%clk 00:13:17]} {[%emt
00:00:18]} Qb5 {[%clk 00:08:56]} {[%emt 00:03:00]} 25. a3 {[%clk 00:12:39]}
{[%emt 00:01:07]} Qa4 {[%clk 00:08:16]} {[%emt 00:01:10]} 26. Qxa4 {[%clk
00:11:55]} {[%emt 00:01:14]} Nxa4 {[%clk 00:08:45]} {[%emt 00:00:01]} 27. Bxd4
{[%clk 00:11:25]} {[%emt 00:01:00]} Re8 {[%clk 00:06:39]} {[%emt 00:02:36]} 28.
Nf4 {[%clk 00:10:27]} {[%emt 00:01:28]} Nb2 {[%clk 00:06:11]} {[%emt 00:00:59]}
29. Bxb2 {[%clk 00:10:26]} {[%emt 00:00:31]} Bxb2 {[%clk 00:06:40]} 30. Rb3
{[%clk 00:10:15]} {[%emt 00:00:41]} Rc2 {[%clk 00:05:35]} {[%emt 00:01:34]} 31.
Rd7 {[%clk 00:09:50]} {[%emt 00:00:56]} b5 {[%clk 00:05:36]} {[%emt 00:00:30]}
32. Nd3 {[%clk 00:09:40]} {[%emt 00:00:39]} Bf6 {[%clk 00:04:23]} {[%emt
00:01:43]} 33. Nc5 {[%clk 00:09:38]} {[%emt 00:00:32]} a5 {[%clk 00:04:21]}
{[%emt 00:00:33]} 34. Rf3 {[%clk 00:09:36]} {[%emt 00:00:31]} Kg7 {[%clk
00:04:39]} {[%emt 00:00:12]} 35. Nd3 {[%clk 00:09:12]} {[%emt 00:00:54]} Rc3
{[%clk 00:03:20]} {[%emt 00:01:49]} 36. Ra7 {[%clk 00:04:19]} {[%emt 00:05:22]}
Rxa3 {[%clk 00:03:04]} {[%emt 00:00:46]} 37. Rxa5 {[%clk 00:04:43]} {[%emt
00:00:06]} Rxa5 {[%clk 00:03:28]} {[%emt 00:00:06]} 38. bxa5 {[%clk 00:05:10]}
{[%emt 00:00:03]} Ra8 {[%clk 00:03:41]} {[%emt 00:00:17]} 39. Nc5 {[%clk
00:04:30]} {[%emt 00:01:10]} Rxa5 {[%clk 00:04:01]} {[%emt 00:00:10]} 40. Rb3
{[%clk 00:04:20]} {[%emt 00:00:40]} Be7 {[%clk 00:02:57]} {[%emt 00:01:34]} 41.
Nd3 {[%clk 00:27:54]} {[%emt 00:06:55]} Ra3 {[%clk 00:31:34]} {[%emt 00:01:53]}
42. Rxa3 {[%clk 00:25:49]} {[%emt 00:02:36]} Bxa3 {[%clk 00:31:33]} {[%emt
00:00:31]} 43. Kf1 {[%clk 00:26:14]} {[%emt 00:00:05]} Kf6 {[%clk 00:31:30]}
{[%emt 00:00:33]} 44. Ke2 {[%clk 00:26:25]} {[%emt 00:00:20]} Kf5 {[%clk
00:31:29]} {[%emt 00:00:31]} 45. f3 {[%clk 00:26:49]} {[%emt 00:00:06]} Ke6
{[%clk 00:31:17]} {[%emt 00:00:40]} 46. Kd2 {[%clk 00:26:05]} {[%emt 00:01:14]}
Kd5 {[%clk 00:31:27]} {[%emt 00:00:20]} 47. Kc3 {[%clk 00:25:30]} {[%emt
00:01:05]} Bd6 {[%clk 00:31:48]} {[%emt 00:00:09]}  0-1

[Event "2022 Welsh Championship"]
[Site "Cardiff"]
[Date "2022.04.15"]
[Round "1"]
[Board "4"]
[White "Everett, Elijah"]
[Black "Davis, Lee"]
[Result "1/2-1/2"]
[WhiteElo "2217"]
[BlackElo "1944"]
[PlyCount "0"]
[EventDate "2022.04.15"]
[EventRounds "7"]
[EventCountry "WLS"]

1. e4 {[%clk 01:30:56]} {[%emt 00:00:02]} c6 {[%clk 01:30:28]} {[%emt
00:00:33]} 2. d4 {[%clk 01:31:18]} {[%emt 00:00:07]} d5 {[%clk 01:30:55]}
{[%emt 00:00:04]} 3. Nd2 {[%clk 01:31:37]} {[%emt 00:00:10]} dxe4 {[%clk
01:31:18]} {[%emt 00:00:08]} 4. Nxe4 {[%clk 01:31:56]} {[%emt 00:00:09]} Bf5
{[%clk 01:31:44]} {[%emt 00:00:05]} 5. Ng3 {[%clk 01:32:15]} {[%emt 00:00:10]}
Bg6 {[%clk 01:32:11]} {[%emt 00:00:05]} 6. h4 {[%clk 01:32:30]} {[%emt
00:00:14]} h6 {[%clk 01:32:34]} {[%emt 00:00:08]} 7. Nf3 {[%clk 01:32:45]}
{[%emt 00:00:14]} Nd7 {[%clk 01:32:46]} {[%emt 00:00:19]} 8. h5 {[%clk
01:32:56]} {[%emt 00:00:19]} Bh7 {[%clk 01:33:12]} {[%emt 00:00:04]} 9. Bd3
{[%clk 01:33:14]} {[%emt 00:00:12]} Bxd3 {[%clk 01:33:36]} {[%emt 00:00:07]} 10.
Qxd3 {[%clk 01:33:38]} {[%emt 00:00:04]} e6 {[%clk 01:33:11]} {[%emt 00:00:55]}
11. Bd2 {[%clk 01:33:45]} {[%emt 00:00:23]} Ngf6 {[%clk 01:33:21]} {[%emt
00:00:21]} 12. O-O-O {[%clk 01:34:00]} {[%emt 00:00:14]} Qc7 {[%clk 01:31:34]}
{[%emt 00:02:18]} 13. Ne4 {[%clk 01:33:00]} {[%emt 00:01:29]} Nxe4 {[%clk
01:31:34]} {[%emt 00:00:31]} 14. Qxe4 {[%clk 01:33:22]} {[%emt 00:00:07]} Nf6
{[%clk 01:31:39]} {[%emt 00:00:25]} 15. Qe2 {[%clk 01:33:36]} {[%emt 00:00:15]}
Bd6 {[%clk 01:31:33]} {[%emt 00:00:38]} 16. Kb1 {[%clk 01:29:51]} {[%emt
00:04:14]} O-O {[%clk 01:25:53]} {[%emt 00:06:10]} 17. g4 {[%clk 01:26:37]}
{[%emt 00:03:44]} Bf4 {[%clk 01:22:02]} {[%emt 00:04:22]} 18. Ne5 {[%clk
01:15:19]} {[%emt 00:11:46]} Bxd2 {[%clk 01:20:39]} {[%emt 00:01:54]} 19. Rxd2
{[%clk 01:14:19]} {[%emt 00:01:30]} Nd7 {[%clk 01:18:53]} {[%emt 00:02:17]} 20.
f4 {[%clk 01:14:07]} {[%emt 00:00:41]} Nxe5 {[%clk 01:18:50]} {[%emt 00:00:33]}
21. fxe5 {[%clk 01:10:46]} {[%emt 00:03:51]} Qe7 {[%clk 01:17:55]} {[%emt
00:01:25]} 22. Qe3 {[%clk 00:56:56]} {[%emt 00:14:19]} Rad8 {[%clk 01:07:11]}
{[%emt 00:11:16]} 23. Rg1 {[%clk 00:47:13]} {[%emt 00:10:13]} Qg5 {[%clk
01:07:23]} {[%emt 00:00:18]} 24. Qxg5 {[%clk 00:47:32]} {[%emt 00:00:10]} hxg5
{[%clk 01:07:49]} {[%emt 00:00:04]} 25. c4 {[%clk 00:47:25]} {[%emt 00:00:36]}
Rd7 {[%clk 01:03:23]} {[%emt 00:04:57]} 26. Kc2 {[%clk 00:45:10]} {[%emt
00:02:45]} f6 {[%clk 00:58:10]} {[%emt 00:05:44]} 27. Re1 {[%clk 00:31:20]}
{[%emt 00:14:19]} f5 {[%clk 00:51:00]} {[%emt 00:07:42]} 28. gxf5 {[%clk
00:29:37]} {[%emt 00:02:12]} Rxf5 {[%clk 00:51:19]} {[%emt 00:00:11]} 29. Kc3
{[%clk 00:28:37]} {[%emt 00:01:30]} g4 {[%clk 00:45:32]} {[%emt 00:06:18]} 30.
Rh1 {[%clk 00:25:02]} {[%emt 00:04:03]} a5 {[%clk 00:40:23]} {[%emt 00:05:40]}
31. Kd3 {[%clk 00:16:51]} {[%emt 00:08:40]} Rxe5 {[%clk 00:38:38]} {[%emt
00:02:16]} 32. Rh4 {[%clk 00:15:52]} {[%emt 00:01:28]} c5 {[%clk 00:31:47]}
{[%emt 00:07:21]} 33. Rxg4 {[%clk 00:15:56]} {[%emt 00:00:25]} Rxh5 {[%clk
00:30:03]} {[%emt 00:02:15]} 34. Kc3 {[%clk 00:14:18]} {[%emt 00:02:08]} cxd4+
{[%clk 00:27:41]} {[%emt 00:02:53]} 35. Rgxd4 {[%clk 00:14:12]} {[%emt
00:00:35]} Rh3+ {[%clk 00:26:16]} {[%emt 00:01:55]} 36. Kc2 {[%clk 00:14:35]}
{[%emt 00:00:07]} Rxd4 {[%clk 00:23:44]} {[%emt 00:03:03]} 37. Rxd4 {[%clk
00:14:58]} {[%emt 00:00:06]} Rf3 {[%clk 00:23:56]} {[%emt 00:00:19]} 38. Rd7
{[%clk 00:13:26]} {[%emt 00:02:00]} Rf7 {[%clk 00:24:18]} {[%emt 00:00:09]} 39.
Rd8+ {[%clk 00:13:41]} {[%emt 00:00:14]} Kh7 {[%clk 00:23:37]} {[%emt
00:01:11]} 40. Re8 {[%clk 00:13:45]} {[%emt 00:00:26]} g5 {[%clk 00:19:59]}
{[%emt 00:04:08]} 41. Rxe6 {[%clk 00:13:43]} {[%emt 00:00:32]} g4 {[%clk
00:20:15]} {[%emt 00:00:14]} 42. Kd3 {[%clk 00:08:16]} {[%emt 00:05:56]} g3
{[%clk 00:14:14]} {[%emt 00:06:32]} 43. Re2 {[%clk 00:04:54]} {[%emt 00:03:51]}
Kh6 {[%clk 00:14:04]} {[%emt 00:00:42]} 44. Rg2 {[%clk 00:01:09]} {[%emt
00:04:13]} Rg7 {[%clk 00:14:30]} {[%emt 00:00:05]} 45. Kd4 {[%clk 00:00:39]}
{[%emt 00:01:00]} Kh5 {[%clk 00:14:54]} {[%emt 00:00:06]} 46. Kc5 {[%clk
00:00:31]} {[%emt 00:00:37]} Kg4 {[%clk 00:11:29]} {[%emt 00:03:55]} 47. Kb5
{[%clk 00:28:26]} {[%emt 00:02:35]} Kf3 {[%clk 00:41:13]} {[%emt 00:00:47]} 48.
Rg1 {[%clk 00:28:32]} {[%emt 00:00:23]} Rg6 {[%clk 00:34:23]} {[%emt 00:07:20]}
49. Kxa5 {[%clk 00:27:45]} {[%emt 00:01:16]} Ra6+ {[%clk 00:33:24]} {[%emt
00:01:30]} 50. Kb5 {[%clk 00:27:22]} {[%emt 00:00:52]} Rxa2 {[%clk 00:33:33]}
{[%emt 00:00:21]} 51. b4 {[%clk 00:27:46]} {[%emt 00:00:06]} Rb2 {[%clk
00:33:33]} {[%emt 00:00:30]} 52. c5 {[%clk 00:27:08]} {[%emt 00:01:08]} Kf2
{[%clk 00:33:48]} {[%emt 00:00:15]} 53. Rc1 {[%clk 00:27:09]} {[%emt 00:00:28]}
g2 {[%clk 00:34:06]} {[%emt 00:00:13]} 54. Ka5 {[%clk 00:27:17]} {[%emt
00:00:22]} g1=Q {[%clk 00:31:47]} {[%emt 00:02:49]} 55. Rxg1 {[%clk 00:27:36]}
{[%emt 00:00:11]} Kxg1 {[%clk 00:32:13]} {[%emt 00:00:03]} 56. b5 {[%clk
00:27:53]} {[%emt 00:00:13]} Kf2 {[%clk 00:32:01]} {[%emt 00:00:42]} 57. c6
{[%clk 00:28:17]} {[%emt 00:00:06]} bxc6 {[%clk 00:31:53]} {[%emt 00:00:39]} 58.
bxc6 {[%clk 00:28:40]} {[%emt 00:00:06]} Ke3 {[%clk 00:31:14]} {[%emt
00:01:10]} 59. c7 {[%clk 00:28:59]} {[%emt 00:00:11]} Rc2 {[%clk 00:31:32]}
{[%emt 00:00:12]} 60. Kb6 {[%clk 00:29:24]} {[%emt 00:00:05]} Ke4 {[%clk
00:31:01]} {[%emt 00:01:01]} 61. Kb7 {[%clk 00:28:49]} {[%emt 00:01:05]} Rb2+
{[%clk 00:31:13]} {[%emt 00:00:18]} 62. Ka7 {[%clk 00:29:03]} {[%emt 00:00:15]}
Rc2 {[%clk 00:31:30]} {[%emt 00:00:14]} 63. Kb7 {[%clk 00:29:27]} {[%emt
00:00:06]} Rb2+ {[%emt 00:00:09]}  1/2-1/2

[Event "2022 Welsh Championship"]
[Site "Cardiff"]
[Date "2022.04.15"]
[Round "1"]
[Board "5"]
[White "Thomas, James"]
[Black "Blackburn, Jonathan L B"]
[Result "0-1"]
[WhiteElo "1941"]
[BlackElo "2215"]
[PlyCount "0"]
[EventDate "2022.04.15"]
[EventRounds "7"]
[EventCountry "WLS"]

1. e4 {[%clk 01:30:55]} {[%emt 00:00:04]} e6 {[%clk 01:30:57]} {[%emt
00:00:03]} 2. d4 {[%clk 01:31:16]} {[%emt 00:00:09]} d5 {[%clk 01:31:23]}
{[%emt 00:00:04]} 3. exd5 {[%clk 01:31:24]} {[%emt 00:00:22]} exd5 {[%clk
01:31:48]} {[%emt 00:00:05]} 4. Nf3 {[%clk 01:31:33]} {[%emt 00:00:21]} Nf6
{[%clk 01:31:38]} {[%emt 00:00:41]} 5. c4 {[%clk 01:31:05]} {[%emt 00:00:57]}
Bb4+ {[%clk 01:30:54]} {[%emt 00:01:14]} 6. Nc3 {[%clk 01:29:43]} {[%emt
00:01:52]} O-O {[%clk 01:30:08]} {[%emt 00:01:16]} 7. Be2 {[%clk 01:27:21]}
{[%emt 00:02:52]} dxc4 {[%clk 01:24:34]} {[%emt 00:06:04]} 8. Bxc4 {[%clk
01:24:35]} {[%emt 00:03:15]} Qe7+ {[%clk 01:20:42]} {[%emt 00:04:22]} 9. Be3
{[%clk 01:14:25]} {[%emt 00:10:40]} Nbd7 {[%clk 01:03:14]} {[%emt 00:17:59]} 10.
O-O {[%clk 01:10:11]} {[%emt 00:04:44]} Nb6 {[%clk 01:02:58]} {[%emt 00:00:45]}
11. Bb3 {[%clk 01:02:06]} {[%emt 00:08:35]} Bg4 {[%clk 01:00:22]} {[%emt
00:03:06]} 12. Re1 {[%clk 00:55:34]} {[%emt 00:07:02]} Qd6 {[%clk 00:57:16]}
{[%emt 00:03:37]} 13. Rc1 {[%clk 00:48:49]} {[%emt 00:07:15]} c6 {[%clk
00:56:32]} {[%emt 00:01:14]} 14. h3 {[%clk 00:44:10]} {[%emt 00:05:08]} Bh5
{[%clk 00:55:09]} {[%emt 00:01:53]} 15. a3 {[%clk 00:35:39]} {[%emt 00:09:02]}
Ba5 {[%clk 00:48:32]} {[%emt 00:07:07]} 16. Bg5 {[%clk 00:26:46]} {[%emt
00:09:22]} h6 {[%clk 00:29:49]} {[%emt 00:19:13]} 17. Bxf6 {[%clk 00:24:40]}
{[%emt 00:02:37]} Qxf6 {[%clk 00:28:38]} {[%emt 00:01:41]} 18. g4 {[%clk
00:19:46]} {[%emt 00:05:23]} Bg6 {[%clk 00:28:44]} {[%emt 00:00:24]} 19. Ne5
{[%clk 00:17:48]} {[%emt 00:02:28]} Rad8 {[%clk 00:27:45]} {[%emt 00:01:29]} 20.
Nxg6 {[%clk 00:15:27]} {[%emt 00:02:51]} Qxg6 {[%clk 00:28:09]} {[%emt
00:00:06]} 21. Bc2 {[%clk 00:15:28]} {[%emt 00:00:29]} Qf6 {[%clk 00:26:07]}
{[%emt 00:02:33]} 22. Qd3 {[%clk 00:11:47]} {[%emt 00:04:11]} g6 {[%clk
00:26:19]} {[%emt 00:00:18]} 23. b4 {[%clk 00:10:20]} {[%emt 00:01:57]} Rxd4
{[%clk 00:25:34]} {[%emt 00:01:15]} 24. Qg3 {[%clk 00:09:54]} {[%emt 00:00:56]}
Bxb4 {[%clk 00:23:51]} {[%emt 00:02:13]} 25. axb4 {[%clk 00:10:08]} {[%emt
00:00:16]} Rxb4 {[%clk 00:23:45]} {[%emt 00:00:35]} 26. Ne4 {[%clk 00:10:09]}
{[%emt 00:00:29]} Qg7 {[%clk 00:23:29]} {[%emt 00:00:46]} 27. Qd6 {[%clk
00:08:35]} {[%emt 00:02:04]} Nd5 {[%clk 00:18:08]} {[%emt 00:05:52]} 28. Rcd1
{[%clk 00:08:03]} {[%emt 00:01:02]} Rb6 {[%clk 00:17:30]} {[%emt 00:01:09]} 29.
Nc5 {[%clk 00:07:13]} {[%emt 00:01:19]} Rb2 {[%clk 00:14:56]} {[%emt 00:03:04]}
30. Be4 {[%clk 00:02:41]} {[%emt 00:05:02]} Nf6 {[%clk 00:14:43]} {[%emt
00:00:43]} 31. Nd7 {[%clk 00:02:11]} {[%emt 00:01:00]} Nxd7 {[%clk 00:14:52]}
{[%emt 00:00:22]} 32. Qxd7 {[%clk 00:02:34]} {[%emt 00:00:07]} a5 {[%clk
00:13:58]} {[%emt 00:01:24]} 33. Qc7 {[%clk 00:01:35]} {[%emt 00:01:29]} Qf6
{[%clk 00:14:01]} {[%emt 00:00:27]} 34. Qg3 {[%clk 00:01:22]} {[%emt 00:00:43]}
a4 {[%clk 00:09:17]} {[%emt 00:05:14]} 35. Rd6 {[%clk 00:01:42]} {[%emt
00:00:10]} Qg5 {[%clk 00:09:30]} {[%emt 00:00:17]} 36. Red1 {[%clk 00:01:17]}
{[%emt 00:00:56]} Re8 {[%clk 00:08:54]} {[%emt 00:01:07]} 37. h4 {[%clk
00:01:10]} {[%emt 00:00:36]} Qe5 {[%clk 00:07:45]} {[%emt 00:01:39]} 38. Qxe5
{[%clk 00:00:46]} {[%emt 00:00:55]} Rxe5 {[%clk 00:08:12]} {[%emt 00:00:02]} 39.
Rd8+ {[%clk 00:01:09]} {[%emt 00:00:07]} Kg7 {[%clk 00:08:39]} {[%emt
00:00:03]} 40. Bf3 {[%clk 00:01:12]} {[%emt 00:00:26]} a3 {[%clk 00:06:09]}
{[%emt 00:03:01]} 41. Ra8 {[%clk 00:27:26]} {[%emt 00:04:16]} a2 {[%clk
00:36:19]} {[%emt 00:00:20]} 42. Kg2 {[%clk 00:21:41]} {[%emt 00:06:15]} Rc5
{[%clk 00:34:31]} {[%emt 00:02:18]} 43. Be4 {[%clk 00:20:23]} {[%emt 00:01:48]}
Kf6 {[%clk 00:34:11]} {[%emt 00:00:51]} 44. Kg3 {[%clk 00:17:08]} {[%emt
00:03:44]} Rc4 {[%clk 00:29:35]} {[%emt 00:05:06]} 45. f3 {[%clk 00:10:41]}
{[%emt 00:06:57]} Rxe4 {[%clk 00:26:11]} {[%emt 00:03:55]} 46. g5+ {[%clk
00:04:11]} {[%emt 00:07:00]} hxg5 {[%clk 00:26:19]} {[%emt 00:00:22]} 47. fxe4
{[%clk 00:03:14]} {[%emt 00:01:27]} Rb1 {[%clk 00:26:05]} {[%emt 00:00:44]} 48.
e5+ {[%clk 00:02:28]} {[%emt 00:01:16]} Ke7 {[%clk 00:21:29]} {[%emt 00:05:06]}
49. Rdd8 {[%clk 00:00:37]} {[%emt 00:02:21]} a1=Q {[%clk 00:21:38]} {[%emt
00:00:20]} 50. Re8+ {[%clk 00:00:45]} {[%emt 00:00:22]} Kd7 {[%clk 00:22:02]}
{[%emt 00:00:06]} 51. Rxa1 {[%clk 00:00:41]} {[%emt 00:00:34]} gxh4+ {[%clk
00:22:13]} {[%emt 00:00:19]} 52. Kxh4 {[%clk 00:00:53]} {[%emt 00:00:18]} Rxa1
{[%clk 00:22:34]} {[%emt 00:00:09]} 53. Rb8 {[%clk 00:00:44]} {[%emt 00:00:39]}
b5 {[%clk 00:22:39]} {[%emt 00:00:24]} 54. Kg5 {[%clk 00:01:03]} {[%emt
00:00:11]} Rf1 {[%clk 00:23:01]} {[%emt 00:00:09]}  0-1